| 000 | 01111nam a22002777a 4500 | ||
|---|---|---|---|
| 001 | 03258 | ||
| 003 | HDC | ||
| 007 | cr bn --- | ||
| 008 | 210105b20122012xxk||||| |||| 00| 0 eng d | ||
| 022 | _a1759-0833 | ||
| 040 | _aHDC | ||
| 100 |
_aWilson, Jonathan _eauthor _92327 |
||
| 245 | 4 |
_aThe role of Islamic marketing researchers _b: Scribes, oracles, trend spotters - or thought leaders? Setting the agenda _c/ Jonathan Wilson |
|
| 260 |
_aUnited Kingdom _b: Emerald Publishing _c2012 |
||
| 300 | _a1 online resource (6 pages) | ||
| 336 |
_atext _2rdacontent |
||
| 337 |
_acomputer _2rdamedia |
||
| 338 |
_aonline resource _2rdacarrier |
||
| 500 |
_aExtract from: Journal of Islamic Marketing, 2012, volume 3, issue 2 (pages 104-107)Includes bibliographical references _aIncludes bibliographical references |
||
| 650 |
_aBusiness ethics _9317 |
||
| 650 |
_aIslamic ethics _9277 |
||
| 856 | _zRequest full-text at [email protected] | ||
| 942 | _2lcc | ||
| 942 | _cAR | ||
| 942 | _kJART 002580 | ||
| 999 |
_c644 _d644 |
||